02542nam a2200325 u 4500001000800000005001700008008004100025020001800066035001200084040001300096041000800109082000800117100008300125245003300208250001200241260004200253300003200295500146700327650002001794650002001814650003601834650002501870650003501895650003701930650002901967650004901996650002002045700006902065700008202134130743620260508075256.0121127nuuuuuuuu spa  a9786073202091 a1307436 ccomduadb aspa 4a51510aThomas, George B.,d1914-20064aut0(isni)00000001095236230(viaf)8313531eaut10aCálculo : varias variables a12. ed. aMéxico :bPearson Education,c2010. axix, p. 660-1045 : il. col. aRESUMEN : Esta nueva edición ofrece una introducción moderna al cálculo que apoya la comprensión conceptual, pero conserva los elementos esenciales de un curso tradicional. Tales mejoras se relacionan estrechamente con una versión ampliada del texto de Mymathlab, el cual brinda apoyo adicional a los estudiantes y flexibilidad a los profesores. Muchos alumnos estuvieron expuestos a la terminología y los aspectos computacionales del cálculo durante el bachillerato. A pesar de la familiaridad con el álgebra y la trigonometría, sus habilidades en estas materias con frecuencia son insuficientes para alcanzar el éxito en el cálculo universitario. Con este texto buscamos equilibrar la escasa experiencia de los estudiantes con el cálculo y el desarrollo de habilidades algebraicas que podrían necesitar, todo sin socavar o minar su confianza. Además, hemos tenido cuidado de presentar suficiente material, soluciones detalladas paso a paso y ejercicios que apoyen una comprensión completa para alumnos de todos los niveles. Animamos a los estudiantes a ir más allá de la memorización de las fórmulas para generalizar conceptos conforme éstos se presenten. después de cursar cálculo, ellos tengan confianza en sus habilidades para razonar y resolver problemas. El dominio del cálculo con aplicaciones prácticas al mundo será su recompensa, pero el verdadero regalo será la habilidad para pensar y generalizar. 7aCálculo2lemb 7aFunciones2lemb 7aDerivadas (Matemáticas)2lemb aIntegrales definidas 7aEcuaciones diferenciales2lemb 7aSucesiones (Matemáticas)2lemb aVectores (Matemáticas) 7aCálculovProblemas, ejercicios, etc.2lemb 7aCálculo2lemb10aEnríquez Brito, Antonio Prisciliano4trl0(viaf)171022217etrl10aBosch Giral, Carlos,d1950-4rev0(isni)00000000835632710(viaf)10129509erev